000 00555nam a2200169 4500
001 120128
003 ES-MaACL
005 20230906191454.0
007 t|
008 070214s1973 sp r ||||1| spa d
100 1 _aPérez Vera, Elisa.
_991198
245 1 0 _aNaciones Unidas y los principios de coexistencia pacífica /
_cElisa Pérez Vera ; prólogo de Juan Antonio Carrillo Salcedo.
260 _aMadrid :
_bTecnos,
_c1973.
300 _a169 p. ;
_c24 cm.
700 1 _aCarrillo Salcedo, Juan Antonio.
_935780
852 _aES-MaACL
_jC-53293
_bR.86206
999 _c120128
_d120128